000 nam a22 7a 4500
999 _c329081
_d329081
003 Nust
005 20170424112453.0
008 170424b xxu||||| |||| 00| 0 eng d
040 _cDLC
082 _a629.229 TRA
100 _4TRA
245 _aTransitions to Alternative Transportation Technologies -- A Focus on Hydrogen (Report)
942 _2ddc
_cBK